|
วิทยาลัยพยาบาลบรมราชชนนี ยะลา |
|
แสดงรายละเอียดบรรณานุกรม |
|
|
Brief Record
: Get Marc (ISO 2709)
: E-mail record
: |
|
|
|
| LEADER 00000nam 2200000uu 4500 | |||
| 001 3830 | |||
| 003 ULIBM | |||
| 008 260317s2564||||th 000 0 tha d | |||
| 020 ^a9789740339496 | |||
| 060 0 ^aWA590^bก781ท | |||
| 100 0 ^aเกษแก้ว เสียงเพราะ | |||
| 245 00 ^aทฤษฎี เทคนิค การพัฒนาพฤติกกรรมสุขภาพ และการประยุกต์ใช้ในงานสาธารณสุข/^cเกษแก้ว เสียงเพราะ | |||
| 250 ^aพิมพ์ครั้งที่ 2 | |||
| 260 ^aกรุงเทพฯ :^bสำนักพิมพ์จุฬาลงกรณ์มหาวิทยาลัย,^c2564. | |||
| 300 ^a139 หน้า :^bภาพประกอบ ;^c25 ซม. | |||
| 650 7 ^aการส่งเสริมสุขภาพ | |||
| 650 7 ^aพฤติกรรมสุขภาพ | |||
| 999 ^aอีมาน | |||
| คุณยังไม่ได้ล็อกอิน คุณสามารถมีกิจกรรมร่วมกับเว็บไซต์ได้ แต่ต้องล็อกอินก่อน :: |
|
| สถานะ | |||||||||
| 1. | หนังสือสำรอง สถานะ=หนังสือสำรอง | WA590 ก781ท 2564 ฉ.1 | ►หนังสือสำรอง | On Shelf ขอยืม | |||||
| 2. | หนังสือทางการพยาบาล | WA590 ก781ท 2564 ฉ.2 | ►หนังสือ ตำรา ทางการพยาบาล | On Shelf ขอยืม | |||||
| 3. | หนังสือทางการพยาบาล | WA590 ก781ท 2564 ฉ.3 | ►หนังสือ ตำรา ทางการพยาบาล | On Shelf ขอยืม | |||||
| 4. | หนังสือทางการพยาบาล | WA590 ก781ท 2564 ฉ.4 | ►หนังสือ ตำรา ทางการพยาบาล | On Shelf ขอยืม | |||||
| 5. | หนังสือทางการพยาบาล | WA590 ก781ท 2564 ฉ.5 | ►หนังสือ ตำรา ทางการพยาบาล | On Shelf ขอยืม | |||||
| [แสดง 5/5 รายการ] | |||||||||
BibComment |
| คอมเมนท์ทรัพยากรรายการนี้ |
|
|